=LDR 00000nam 2200000 4500 =001 INLIS000000000001693 =005 20230803094328 =035 ##$$a 0010-0823000141 =007 ta =008 230803################g##########0#ind## =020 ##$$a 978-979-006-631-1 =082 ##$$a 614 =084 ##$$a 614 YUN s =100 #$$a Yunita Indah =245 1#$$a Stop Kanker : $b Kanker Bukan Lagi Vonis Mati /$c Ahmad Abdul Rahman =260 ##$$a Jakarta :$b AgroMedia Pustaka,$c 2019 =300 ##$$a 216 : $b Ilus ; $c 24.cm =650 #4$$a KESEHATAN =520 ##$$a Kanker merupakan penyakit kompleks yang sering menjadi momok bagi sebagian besar orang. dibutuhkan kemauan kuat, bijaksana, dan disiplin yang tinggi untuk menaklukkannya